Państwa Europy - ciemna wersja - Statystyki

Ogólne statystyki
  • Ten quiz został rozwiązany 122 razy
  • Średni wynik to 41 z 45
Odpowiedzi na mapie
Odpowiedzi zakodowano w zielono-czerwonej skali na mapie do tego quizu, zgodnie z poniższymi procentami.
 
Statystyki odpowiedzi
Państwa % Poprawnych
Polska
98%
Ukraina
97%
Czechy
96%
Litwa
96%
Lotwa
96%
Rosja
96%
Slowacja
96%
Białoruś
95%
Francja
95%
Holandia
95%
Niemcy
95%
Norwegia
95%
Szwajcaria
95%
Szwecja
95%
Estonia
94%
Finlandia
94%
Hiszpania
94%
Węgry
94%
Włochy
94%
Dania
93%
Portugalia
93%
Wielka Brytania
93%
Austria
92%
Belgia
92%
Rumunia
92%
Slowenia
92%
Chorwacja
91%
Grecja
91%
Irlandia
91%
Luksemburg
90%
Watykan
90%
Albania
89%
Andora
89%
Bośnia i Hercegowina
89%
Islandia
89%
Serbia
89%
Czarnogóra
88%
Bułgaria
87%
Kosowo
87%
Liechtenstein
87%
Macedonia Północna
86%
Monako
86%
Moldawia
85%
Malta
84%
San Marino
84%
Nie znaleziono quizów pasujących do podanych kryteriów
Rozkład punktacji
Procent ludzi z każdym wynikiem
Percentyl według liczby udzielonych odpowiedzi
Twoja historia wyników
Nie rozwiązałeś tego quizu